Entry Personal Name
Number of records used in: 1
001 - CONTROL NUMBER
003 - CONTROL NUMBER IDENTIFIER
005 - DATE AND TIME OF LATEST TRANSACTION
- control field:
20231007122532.0
008 - FIXED-LENGTH DATA ELEMENTS
- fixed length control field:
871001n| azannaabn |b aaa
010 ## - LIBRARY OF CONGRESS CONTROL NUMBER
- LC control number:
n 87839639
016 ## - NATIONAL BIBLIOGRAPHIC AGENCY CONTROL NUMBER
- Record control number:
0073A4704E
035 ## - SYSTEM CONTROL NUMBER
- System control number:
(OCoLC)oca01953206
040 ## - CATALOGING SOURCE
- Original cataloging agency:
DLC
- Language of cataloging:
eng
- Description conventions:
rda
- Transcribing agency:
DLC
- Modifying agency:
DLC
- Modifying agency:
OCoLC
- Modifying agency:
DLC
- Modifying agency:
UPB
- Modifying agency:
ScU
- Modifying agency:
CaOONL
- Modifying agency:
GVaS
042 ## - AUTHENTICATION CODE
046 ## - SPECIAL CODED DATES
- Birth date:
1955-04-08
- Source of date scheme:
edtf
053 #0 - LC CLASSIFICATION NUMBER
- Classification number element--single number or beginning number of span:
PS3561.I496
053 #4 - LC CLASSIFICATION NUMBER
- Classification number element--single number or beginning number of span:
PS3561.I549
- Institution to which field applies:
CaOONL
100 1# - HEADING--PERSONAL NAME
- Personal name:
Kingsolver, Barbara
370 ## - ASSOCIATED PLACE
- Place of birth:
Annapolis (Md.)
- Place of residence/headquarters:
Washington County (Va.)
- Other associated place:
Tucson (Ariz.)
- Source of term:
naf
372 ## - FIELD OF ACTIVITY
- Field of activity:
Writing
- Field of activity:
Fiction--Authorship
- Field of activity:
Literature
- Field of activity:
Novels
- Field of activity:
Creative nonficton
- Source of term:
lcsh
373 ## - ASSOCIATED GROUP
- Associated group:
DePauw University
- Source of term:
naf
- Start period:
1973
- End period:
1977
373 ## - ASSOCIATED GROUP
- Associated group:
University of Arizona
- Source of term:
naf
- Start period:
1980
374 ## - OCCUPATION
- Occupation:
Authors
- Occupation:
Poets
- Occupation:
Journalists
- Occupation:
Biologists
- Source of term:
lcsh
375 ## - GENDER
- Gender:
Females
- Source of term:
lcdgt
377 ## - ASSOCIATED LANGUAGE
400 1# - SEE FROM TRACING--PERSONAL NAME
- Personal name:
קינגסולבר, ברברה. פז, עדית
670 ## - SOURCE DATA FOUND
- Source citation:
Her The bean trees, c1988:
- Information found:
CIP t.p. (Barbara Kingsolver) addit. pub. info (poet, journalist, biologist who lives in Tucson, Ariz.)
670 ## - SOURCE DATA FOUND
- Source citation:
Her Holding the line, c1989:
- Information found:
CIP t.p. (Barbara Kingsolver) data sheet (b. 1955)
670 ## - SOURCE DATA FOUND
- Source citation:
Barbara Kingsolver, via WWW, Jan. 15, 2013
- Information found:
(American freelance writer and author; born April 8, 1955 in Annapolis, Maryland, grew up in rural Kentucky; B.S., Biology, DePauw University, 1973-; M.S., Biology, University of Arizona; living in southwestern Virginia with her husband and family)
670 ## - SOURCE DATA FOUND
- Source citation:
Wikipedia, Jan. 15, 2013
- Information found:
(graduated, DePauw, 1977; began at University of Arizona in 1980; lives on a farm in Washington County, Virginia)
670 ## - SOURCE DATA FOUND
- Source citation:
LAC internal file, May 22, 2019
- Information found:
(heading: Kingsolver, Barbara; born April 8, 1955; American)